|
|
|
|
| LEADER |
02024nam a2200529 i 4500 |
| 001 |
nkc20193072618 |
| 003 |
CZ PrNK |
| 005 |
20190916152524.0 |
| 007 |
ta |
| 008 |
190206s2018 xr ae e f 000 0 cze |
| 015 |
|
|
|a cnb003072618
|
| 020 |
|
|
|a 978-80-86893-94-5
|q (Tomáš Rygl - ATP ;
|q skládanka)
|
| 035 |
|
|
|a (OCoLC)1089715440
|
| 040 |
|
|
|a ABA001
|b cze
|e rda
|
| 043 |
|
|
|a e-xr---
|b e-xr-pg
|2 czenas
|
| 072 |
|
7 |
|a 72
|x Architektura
|2 Konspekt
|9 21
|
| 080 |
|
|
|a 725.17
|2 MRF
|
| 080 |
|
|
|a (437.311)
|2 MRF
|
| 080 |
|
|
|a (036)
|2 MRF
|
| 080 |
|
|
|a (084.11)
|2 MRF
|
| 100 |
1 |
|
|a Rygl, Tomáš,
|d 1968-
|7 mzk2002160645
|4 ill
|
| 245 |
1 |
0 |
|a Valdštejnský palác :
|b Senát Parlamentu České republiky : obrazový průvodce /
|c kresby Tomáš Rygl
|
| 246 |
3 |
0 |
|a Valdštejnský palác - obrazový průvodce
|
| 246 |
3 |
0 |
|a Senát Parlamentu České republiky - obrazový průvodce
|
| 264 |
|
1 |
|a [Jihlava] :
|b pro Kancelář Senátu vydalo nakladatelství ATP,
|c 2018
|
| 300 |
|
|
|a 1 složený list (10 nečíslovaných sloupců) :
|b barevné ilustrace, 1 plán ;
|c 23 cm
|
| 336 |
|
|
|a text
|b txt
|2 rdacontent
|
| 336 |
|
|
|a statický obraz
|b sti
|2 rdacontent
|
| 337 |
|
|
|a bez média
|b n
|2 rdamedia
|
| 338 |
|
|
|a svazek
|b nc
|2 rdacarrier
|
| 500 |
|
|
|a Na líci listu celostránkový plán, rub s textem
|
| 610 |
2 |
7 |
|a Valdštejnský palác (Praha, Česko)
|7 kn20021114007
|2 czenas
|
| 650 |
0 |
7 |
|a paláce
|7 ph123916
|z Česko
|2 czenas
|
| 650 |
0 |
9 |
|a palaces
|z Czechia
|2 eczenas
|
| 651 |
|
7 |
|a Praha (Česko)
|7 ge118011
|2 czenas
|
| 651 |
|
9 |
|a Prague (Czechia)
|2 eczenas
|
| 655 |
|
7 |
|a průvodce
|7 fd133154
|2 czenas
|
| 655 |
|
7 |
|a obrazové publikace
|7 fd132947
|2 czenas
|
| 655 |
|
9 |
|a guidebooks
|2 eczenas
|
| 655 |
|
9 |
|a pictorial works
|2 eczenas
|
| 710 |
1 |
|
|a Česko.
|b Parlament.
|b Senát.
|b Kancelář
|7 kn20021129007
|4 isb
|
| 910 |
2 |
|
|a BOA001
|b 2-1425.191
|
| 928 |
9 |
|
|a ATP
|
| 990 |
|
|
|a BK
|
| 995 |
|
|
|a 01
|
| 991 |
|
|
|b 201903
|c NOV
|
| 996 |
6 |
|
|b 2610774183
|c 2-1425.191
|l MZK
|r Sklad / do 1 hodiny
|n 2
|p p.v.
|w 001711687
|u 000020
|a 1
|e BOA001
|j MZK50
|s P
|